000 00648nam a2200217Ia 4500
005 20250923150018.0
008 008 250917s9999 xx 000 0 eng d
037 _aTextual
040 _aDSWL
_beng
_cDSWL
041 _aeng
_2eng
084 _aY5927:1.211'N37<-- N80, N98
_qDSWL
100 _aGeetha, V.
_9841290
245 0 _aTowards a non-brahmin millennium
_c by V. Geetha
260 _aMumbai
_b Distributed B.B.I.
_c1998
300 _axvi,556 p.
365 _aINR
_b300.00
700 _a V. Rajaduri
_9841291
925 _g300.00
942 _cTEXL
_hY5927:1.211'N37<-- N80, N98
999 _c1458493
_d1458493